000 00803cam a22002292 4500
001 0000003395
005 20151217151924.0
008 070504s xx 000 0 eng d
020 _a1559633956 :
_cKES
040 _aKABU
_cKABU
050 0 _aK3478
_b.B56
245 1 0 _aBiodiversity and the law /
_cedited by William J. Snape III; foreword by Oliver A. Houck.
260 _aWashington, DC :
_bIsland Press,
_cc1996.
300 _axxvii, 259 p. ;
_c23 cm.
650 0 _aBiological diversity conservation
_xLaw and legislation.
_@0000153298
700 1 _aSnape, William.
_@0000153299
852 1 _9p3600 KES
852 1 _9p4284 KES
908 _a070504
950 _@1
999 _c6390
_d6390